Дело о распределении празднеств и о празднествах в Москве по случаю коронации и о билетах на места, и о наградах артистам и арти...

Доступно только в Электронных читальных залах Найти на картеНа карте
RUSMARC
00003627nmc2a22002413x 450
00141eb0022-1d3a-45c1-b3d0-56f0505a8b5f
00520241225163613.0
100##$a20240826l18561856k l0rusy0189 ca
1010#$arus
102##$aRU
105##$ay###
1222#$ad
2001#$aДело о распределении празднеств и о празднествах в Москве по случаю коронации и о билетах на места, и о наградах артистам и артисткам императорских театров
$j20 июня - 2 ноября 1856 г.
215##$a164 л.
$d36,5х26 см
251##$cДело
300##$aДело
371##$aДокумент не является опубликованным и широко распространяемым
461#0$100108cd6ec2-be9a-457f-a0b6-fa449e506316
$12001
$aКанцелярия Министерства Императорского двора
$1251
$cФонд
$1852
$j472
462#0$10015265e818-b7f3-4da1-9e39-1aec072863ce
$12001
$aКанцелярия Министерства Императорского двора
$1251
$cОпись
$1852
$j9
801#0$aRU
$bРГИА
$c20240826
$gRCR
801#1$aRU
$bГлавНИВЦ
$c20240826
$2rusmarc
801#2$aRU
$bПБ им. Б.Н. Ельцина
$c20241225
$gRCR
$2rusmarc
850##$aРГИА
852##$aРГИА
$eФедеральное казенное учреждение "Российский государственный исторический архив" (РГИА)
$j96
937##$hРГИА
$d12418586
$aASBIBLIO_SCAN
035##$aRusGRCC00081278
856##$uhttp://readingroom.main.prlib.ru/item.aspx?id_node=n195662854&mode=full
Формат отображения